Biało-czerwona flota

Titel: Biało-czerwona flota : Polska Flota Handlowa II RP / Witold Koszela
Verfasser:
Veröffentlicht: Chrzan : Wydawnictwo Stara Szuflada, [2023]
Umfang: 269 Seiten : Illustrationen, Karten ; 22x30 cm
Format: Buch
Sprache: Polnisch
Schlagworte:
ISBN: 9788396483768
Buchumschlag
X
alg: 51747793
001A    $03004:25-04-24 
001B    $01999:21-11-25 $t16:16:14.000 
001D    $03004:25-04-24 
001U    $0utf8 
001X    $00 
002@    $0Aau 
002C    $aText $btxt $2rdacontent 
002C    $aunbewegtes Bild $bsti $2rdacontent 
002D    $aohne Hilfsmittel zu benutzen $bn $2rdamedia 
002E    $aBand $bnc $2rdacarrier 
003@    $0517477939 
003O    $01407271580 $aOCoLC 
004A    $A978-83-964837-6-8 
006C    $01410700544 $aOCoLC 
007A    $0BV049422405 $aBVB 
007G    $0DE0205E741E76485DA211C1258B42004BE2FE 
009P    $qapplication/pdf $3Literaturverzeichnis $uhttp://bvbr.bib-bvb.de:8991/F?func=service&doc_library=BVB01&local_base=BVB01&doc_number=034749896&sequence=000003&line_number=0002&func_code=DB_RECORDS&service_type=MEDIA $mDigitalisierung BSB München 19 - ADAM Catalogue Enrichment 
009P    $qapplication/pdf $A2 $3Inhaltsverzeichnis $uhttp://scans.hebis.de/HEBCGI/show.pl?51747793_toc.pdf $mV:DE-603;B:DE-Mb50 
009P    $qapplication/pdf $A2 $3Buch Bibliographie $uhttp://scans.hebis.de/HEBCGI/show.pl?51747793_bib.pdf $mV:DE-603;B:DE-Mb50 
009P    $qapplication/pdf $A2 $3Abstract $uhttp://scans.hebis.de/HEBCGI/show.pl?51747793_sum.pdf $mV:DE-603;B:DE-Mb50 
010@    $apol 
010E    $erda 
011@    $a2023 $n[2023] 
011F    $n©2023 
021A    $aBiało-czerwona flota $dPolska Flota Handlowa II RP $hWitold Koszela 
028A    $BVerfasser $4aut $71145302610 $8Koszela, Witold$Z20./21. Jh. [Tp3] $9421518618 
033A    $pChrzan $nWydawnictwo Stara Szuflada 
034D    $a269 Seiten 
034I    $a22x30 cm 
034M    $aIllustrationen, Karten 
044A    $aPolska Marynarka Handlowa $2dbn $S17 $N610 
044A    $aPolska $2dbn $S#7 $N651 
044A    $aStatki handlowe $2dbn $S#7 $N650 
044K    $qBVB $RPolen-Litauen $RKongresspolen $RWestgalizien $RStaat Krakau $#Generalgouvernement Polen $#Polska $#Rzeczpospolita Polska $#Polska Rzeczpospolita Ludowa $#Poland $#Pologne $#République Polonaise $#Generalne Gubernatorstwo w Polsce $#Polish People's Republic $#Polska Rzeczpospolita Polen $#PRL $#RP $#Polen Generalgouvernement $#Polska Generalgouvernement $#Besetzte Polnische Gebiete $#Besetztes Gebiet in Polen $#Okupowane Polskie Obszary $#Obszary Okupowane w Polsce $#Volksrepublik Polen $#Polska Rosyjska $#Republic Polen $#Respublika Pol'ša $#Pol'skaja Narodnaja Respublika $#République de Pologne $#Polen Links der Weichsel $#Polska po Lewej Stronie Wisły $#Lenkija $#Polija $#Gubernija Carstva Pol'skago $#Republik Polen $74046496-9 $8Polen [Tg1] $9085129801 
044K    $qBVB $RHandelsschifffahrt $RFlotte $#Merchant marine $#Marine marchande $#Marina mercante $#Handelsflotte $#Handelsmarine $#Marine Handelsschifffahrt $74158988-9 $8Handelsflotte [Ts1] $9085689408 
045F    $a330.0943809044 $eDDC22BSB 
045F/01 $a330.09 
045F/03 $f09044 
045F/03 $f09043 
045F/03 $g438 
045R    $aGeschichte 1918-1939 
045T    $aOST $qDE-12 $2FID 

lok: 51747793 24

exp: 51747793 24 1 #EPN
201B/01 $003-06-24 $t12:57:00.000 
201C/01 $025-04-24 
201U/01 $0utf8 
203@/01 $01261849930 
208@/01 $a03-06-24 $bz 
209A/01 $a24.02764 $du $f050 $h24 02764 $x00 
209C/01 $a24.02764 K $h24 02764 K 
209G/01 $a74886477 $x00 
220C/01 $ahae 
247C/01 $8358050-7 Marburg, Bibliothek des Herder-Instituts Marburg $9102600961 

lok: 51747793 78

exp: 51747793 78 1 #EPN
201B/01 $023-01-26 $t14:09:44.000 
201C/01 $023-01-26 
201U/01 $0utf8 
203@/01 $01332764002 
208@/01 $a23-01-26 $be 
209A/01 $a/ $f000 $x00 
209A/01 $ab*p $x01 
220C/01 $apgar 
244Z/01 $#Generalgouvernement Polen $#Polska $#Rzeczpospolita Polska $#Polska Rzeczpospolita Ludowa $#Poland $#Pologne $#République Polonaise $#Generalne Gubernatorstwo w Polsce $#Polish People's Republic $#Polska Rzeczpospolita Polen $#PRL $#RP $#Polen Generalgouvernement $#Polska Generalgouvernement $#Besetzte Polnische Gebiete $#Besetztes Gebiet in Polen $#Okupowane Polskie Obszary $#Obszary Okupowane w Polsce $#Volksrepublik Polen $#Polska Rosyjska $#Republic Polen $#Respublika Pol'ša $#Pol'skaja Narodnaja Respublika $#République de Pologne $#Polen Links der Weichsel $#Polska po Lewej Stronie Wisły $#Lenkija $#Polija $#Gubernija Carstva Pol'skago $#Republik Polen $74046496-9 $8--Tg1--Polen $x01 $9085129801 
247C/01 $82080>Marburg/Lahn, Herder-Institut, Forschungsbibliothek, Bibliographieportal $9336309341
LEADER 00000cam a2200000 c 4500
001 517477939
003 DE-603
005 20251121161614.0
007 tu
008 240425s2023 xx |||| | u00||u|pol c
020 |a 9788396483768 
035 |a (DE-599)BVBBV049422405 
035 |a (OCoLC)1407271580 
040 |a DE-603  |b ger  |c DE-603  |d DE-603  |e rda 
041 |a pol 
082 0 4 |8 1\u  |a 330.0943809044  |q DE-101  |2 22/BSB 
084 |a OST  |q DE-12  |2 fid 
085 |8 1\u  |b 330.09 
085 |8 1\u  |z 1  |s 09044 
085 |8 1\u  |z 1  |s 09043 
085 |8 1\u  |z 2  |s 438 
100 1 |a Koszela, Witold  |d 20./21. Jh.  |e Verfasser  |4 aut  |0 (DE-603)421518618  |0 (DE-588)1145302610  |2 gnd 
245 0 0 |a Biało-czerwona flota  |b Polska Flota Handlowa II RP  |c Witold Koszela 
264 1 |a Chrzan  |b Wydawnictwo Stara Szuflada  |c [2023] 
264 4 |c ©2023 
300 |a 269 Seiten  |b Illustrationen, Karten  |c 22x30 cm 
336 |a Text  |b txt  |2 rdacontent 
336 |a unbewegtes Bild  |b sti  |2 rdacontent 
337 |a ohne Hilfsmittel zu benutzen  |b n  |2 rdamedia 
338 |a Band  |b nc  |2 rdacarrier 
648 7 |a Geschichte 1918-1939  |2 gnd 
650 7 |a Handelsflotte  |0 (DE-588)4158988-9  |0 (DE-603)085689408  |2 gnd 
651 7 |a Polen  |0 (DE-588)4046496-9  |0 (DE-603)085129801  |2 gnd 
856 4 2 |m Digitalisierung BSB München 19 - ADAM Catalogue Enrichment  |q application/pdf  |u http://bvbr.bib-bvb.de:8991/F?func=service&doc_library=BVB01&local_base=BVB01&doc_number=034749896&sequence=000003&line_number=0002&func_code=DB_RECORDS&service_type=MEDIA  |3 Literaturverzeichnis 
856 4 2 |m V:DE-603;B:DE-Mb50  |q application/pdf  |u http://scans.hebis.de/HEBCGI/show.pl?51747793_toc.pdf  |3 Inhaltsverzeichnis 
856 4 2 |m V:DE-603;B:DE-Mb50  |q application/pdf  |u http://scans.hebis.de/HEBCGI/show.pl?51747793_bib.pdf  |3 Buch Bibliographie 
856 4 2 |m V:DE-603;B:DE-Mb50  |q application/pdf  |u http://scans.hebis.de/HEBCGI/show.pl?51747793_sum.pdf  |3 Abstract 
924 0 |9 Mb 50  |a (DE-603)1261849930  |b DE-Mb50  |c HES  |d c  |g 24.02764 
924 0 |9 2080  |a (DE-603)1332764002  |b DE-2080  |c HES  |d d  |g /